[Event "CP-2008-S-00005"]
[Site "LSS email"]
[Date "2011.05.07"]
[Round "?"]
[White "Rasstrigin, Aleksandr"]
[Black "Tavani, Alberto"]
[Result "0-1"]
[WhiteElo "1927"]
[BlackElo "2300"]
[PlyCount "92"]
[EventDate "2011.05.14"]
[EventType "tourn (corr)"]
[EventRounds "8"]
[EventCountry "GER"]
[SourceTitle "Telechess CBM 153"]
[Source "ChessBase"]
[SourceDate "2013.03.14"]
[SourceVersion "1"]
[SourceVersionDate "2013.03.14"]
[SourceQuality "1"]

1. Nf3 d5 2. g3 Nf6 3. Bg2 c6 4. 0-0 Bf5 5. c4 e6 6. d3 dxc4 7. dxc4 Qxd1 8. Rxd1 Nbd7 9. Nc3 h6 10. Be3 Ng4 11. Bd2 0-0-0 12. Be1 Bb4 13. Ne4 Bxe1 14. Nd6+ Kc7 15. Nxe1 Nc5 16. Nxf5 exf5 17. b3 Rhe8 18. h3 Nf6 19. Nd3 Nxd3 20. exd3 Rd4 21. Bf1 Nd7 22. f4 g5 23. fxg5 hxg5 24. Re1 Ne5 25. Kg2 a5 26. Rad1 f6 27. Be2 Kb6 28. Rd2 f4 29. Rf1 Rg8 30. Rdd1 f5 31. a3 c5 32. gxf4 gxf4+ 33. Kh2 Rh8 34. Kg2 Kc7 35. a4 Kd6 36. Rg1 Ke6 37. Rgf1 Rg8+ 38. Kh2 Rg3 39. Rxf4 Re3 40. Rf2 Rh4 41. Kg1 Rexh3 42. Kf1 f4 43. Ke1 f3 44. Bf1 Rg3 45. Rfd2 Ng4 46. Rb2 Kf5 0-1

[Event "CP-2008-Q-00011"]
[Site "LSS email"]
[Date "2010.01.10"]
[Round "?"]
[White "Fuhrwerk, Klaus"]
[Black "Rasstrigin, Aleksandr"]
[Result "0-1"]
[WhiteElo "2207"]
[BlackElo "1936"]
[PlyCount "112"]
[EventDate "2010.01.15"]
[EventType "tourn (corr)"]
[EventRounds "6"]
[EventCountry "GER"]
[SourceTitle "Telechess CBM 141"]
[Source "ChessBase"]
[SourceDate "2011.03.17"]
[SourceVersion "1"]
[SourceVersionDate "2011.03.17"]
[SourceQuality "1"]

1. e4 e5 2. Nf3 Nc6 3. Bb5 a6 4. Ba4 Nf6 5. 0-0 Be7 6. Re1 b5 7. Bb3 0-0 8. c3 d5 9. exd5 Nxd5 10. Nxe5 Nxe5 11. Rxe5 c6 12. d4 Bd6 13. Re1 Qh4 14. g3 Qh3 15. Re4 g5 16. Qf1 Qh5 17. Qe2 Qg6 18. Re8 Bf5 19. Rxa8 Rxa8 20. Nd2 Nf4 21. gxf4 gxf4+ 22. Kh1 Kh8 23. Qf1 Rg8 24. f3 Bh3 25. Bxf7 Bg2+ 26. Kg1 Qxf7 27. Qxg2 Rxg2+ 28. Kxg2 Qg6+ 29. Kf2 Qc2 30. Ke2 Kg7 31. a3 Kg6 32. Rb1 Be7 33. Ra1 Kh5 34. Rb1 Kh4 35. b3 Kh3 36. Bb2 Kxh2 37. c4 bxc4 38. bxc4 Bd8 39. Ba1 Ba5 40. Rb2 Qc1 41. Nb3 Qe1+ 42. Kd3+ Kg3 43. Nxa5 Qxa1 44. Kc2 Qxa3 45. Nb3 h5 46. Nd2 h4 47. Rb7 h3 48. Rh7 Kg2 49. Rh6 Qf8 50. Rg6+ Kf2 51. Ne4+ Kxf3 52. Ng5+ Ke2 53. Re6+ Kf1 54. Kd1 Qb4 55. Nxh3 Qb3+ 56. Kd2 Qxh3 0-1

[Event "CP-2008-Q-00011"]
[Site "LSS email"]
[Date "2010.01.10"]
[Round "?"]
[White "Kurpnieks, Vairis"]
[Black "Rasstrigin, Aleksandr"]
[Result "0-1"]
[WhiteElo "2107"]
[BlackElo "1964"]
[PlyCount "58"]
[EventDate "2010.01.15"]
[EventType "tourn (corr)"]
[EventRounds "6"]
[EventCountry "GER"]
[SourceTitle "Telechess CBM 141"]
[Source "ChessBase"]
[SourceDate "2011.03.17"]
[SourceVersion "1"]
[SourceVersionDate "2011.03.17"]
[SourceQuality "1"]

1. e4 e5 2. Nf3 Nc6 3. Bc4 Bc5 4. b4 Bxb4 5. c3 Be7 6. 0-0 Nf6 7. d4 exd4 8. Re1 0-0 9. e5 d5 10. Bd3 Ne4 11. cxd4 Nb4 12. Bxe4 dxe4 13. Rxe4 Bf5 14. Rf4 Qd7 15. Ba3 a5 16. h4 h6 17. d5 Nxd5 18. Rxf5 Qxf5 19. Qxd5 Rfd8 20. Qb3 a4 21. Qc3 Rd1+ 22. Kh2 Rd3 23. Bxe7 Rxc3 24. Nxc3 Qc2 25. Nd5 Re8 26. Nf6+ gxf6 27. exf6 Qxf2 28. a3 Kh7 29. Rd1 Rg8 0-1

[Event "CP-2008-Q-00011"]
[Site "LSS email"]
[Date "2010.01.10"]
[Round "?"]
[White "Rasstrigin, Aleksandr"]
[Black "Hlavacek, Ladislav"]
[Result "1-0"]
[WhiteElo "1913"]
[BlackElo "1791"]
[PlyCount "55"]
[EventDate "2010.01.15"]
[EventType "tourn (corr)"]
[EventRounds "6"]
[EventCountry "GER"]
[SourceTitle "Telechess CBM 141"]
[Source "ChessBase"]
[SourceDate "2011.03.17"]
[SourceVersion "1"]
[SourceVersionDate "2011.03.17"]
[SourceQuality "1"]

1. e4 e5 2. Nf3 Nc6 3. Bb5 Bd6 4. 0-0 Nf6 5. d4 Qe7 6. d5 a6 7. Bd3 Nb4 8. Bc4 a5 9. a3 Na6 10. Nc3 0-0 11. Nh4 Nxe4 12. Nf5 Qf6 13. Nh6+ gxh6 14. Nxe4 Qg6 15. Nxd6 cxd6 16. f4 Nc5 17. f5 Qf6 18. Qh5 Kh8 19. Bxh6 Rg8 20. Rf3 b5 21. Rh3 Rg7 22. Bxg7+ Qxg7 23. Bd3 Nxd3 24. cxd3 b4 25. f6 Qg6 26. Qh4 bxa3 27. Rg3 axb2 28. Rb1 1-0

[Event "IECG CP.2008.P.00003 email"]
[Site "IECG email"]
[Date "2008.10.01"]
[Round "?"]
[White "Rasstrigin, Aleksandr"]
[Black "Gurgel Azzi, Ricardo"]
[Result "1-0"]
[WhiteElo "1877"]
[BlackElo "1272"]
[PlyCount "33"]
[EventDate "2008.10.01"]
[EventType "tourn (corr)"]
[EventRounds "6"]
[EventCountry "ARG"]
[SourceTitle "Corr 2024"]
[Source "ChessBase"]
[SourceDate "2023.10.19"]
[SourceVersion "1"]
[SourceVersionDate "2023.10.19"]
[SourceQuality "1"]

1. e4 c6 2. d4 d5 3. Nc3 dxe4 4. Nxe4 Nf6 5. Nxf6+ exf6 6. c3 Bd6 7. Bd3 Be6 8. Ne2 0-0 9. Bf4 Be7 10. 0-0 Bg4 11. Re1 g5 12. Bd2 Qc7 13. Qc2 Bh5 14. Bxh7+ Kg7 15. Ng3 Bg6 16. Bxg6 fxg6 17. Re6 1-0

[Event "IECG CB.2006.0.00152 email"]
[Site "IECG email"]
[Date "2006.03.05"]
[Round "1"]
[White "Rasstrigin, Aleksandr"]
[Black "Horton, Justin"]
[Result "1/2-1/2"]
[WhiteElo "1863"]
[BlackElo "1831"]
[PlyCount "88"]
[EventDate "2006.03.05"]
[EventType "tourn (corr)"]
[EventRounds "6"]
[SourceTitle "Corr 2008"]
[Source "ChessBase"]
[SourceDate "2008.06.24"]
[SourceVersion "1"]
[SourceVersionDate "2008.06.24"]
[SourceQuality "1"]

1. e4 e5 2. Nf3 Nc6 3. Bb5 a6 4. Bxc6 dxc6 5. d3 f6 6. h3 Bd6 7. 0-0 Ne7 8. Be3 c5 9. Nbd2 Be6 10. Nh4 g5 11. Nf5 Nxf5 12. exf5 Bxf5 13. Qf3 Be6 14. Qxb7 0-0 15. Ne4 Qe7 16. Qc6 Rab8 17. Bxc5 Bxc5 18. Qxc5 Qf7 19. b3 Rb5 20. Qe3 Rd5 21. Qa7 Bc8 22. a4 h6 23. b4 f5 24. Nc5 f4 25. f3 h5 26. Nxa6 g4 27. hxg4 hxg4 28. fxg4 Rd6 29. b5 Rh6 30. g5 Rh7 31. Qc5 Qh5 32. Kf2 Qxg5 33. Ke1 Rh2 34. Rg1 Rf7 35. Kd2 f3+ 36. Kc3 f2 37. Rgf1 Qg7 38. Kb3 e4 39. dxe4 Rxg2 40. Rad1 Rg5 41. Qc4 Rg3+ 42. Kb4 Be6 43. Qc5 Rg5 44. Qe3 Qb2+ 1/2-1/2

[Event "IECG CB.2004.0.00118 email"]
[Site "IECG email"]
[Date "2004.07.14"]
[Round "?"]
[White "Rasstrigin, Aleksandr"]
[Black "Lehnert, Ronald"]
[Result "1/2-1/2"]
[WhiteElo "1836"]
[BlackElo "1996"]
[PlyCount "92"]
[EventDate "2004.07.14"]
[EventType "tourn (corr)"]
[EventRounds "6"]
[SourceTitle "Corr 2008"]
[Source "ChessBase"]
[SourceDate "2008.06.24"]
[SourceVersion "1"]
[SourceVersionDate "2008.06.24"]
[SourceQuality "1"]

1. e4 c5 2. Nf3 d6 3. Bb5+ Nc6 4. 0-0 a6 5. Bxc6+ bxc6 6. d4 cxd4 7. Qxd4 e5 8. Qd3 Be6 9. Nc3 Be7 10. Rd1 Nf6 11. Bg5 h6 12. Bxf6 gxf6 13. Nh4 Qc7 14. Ne2 d5 15. Ng3 h5 16. Ngf5 Rg8 17. Ne3 d4 18. Nef5 c5 19. Qe2 Qb7 20. c3 Bf8 21. b3 Rg4 22. f3 Rg8 23. Rac1 a5 24. Ng3 Rh8 25. Ngf5 Qa6 26. Qd2 a4 27. b4 dxc3 28. Rxc3 cxb4 29. Rd3 Qb6+ 30. Kh1 Rh7 31. f4 b3 32. axb3 axb3 33. Nd6+ Bxd6 34. Rxd6 Qb8 35. Qb2 Bg4 36. Nf3 h4 37. fxe5 h3 38. exf6 Rh5 39. e5 Rf5 40. R6d3 Qb4 41. Rxb3 hxg2+ 42. Kg1 Qc5+ 43. Kxg2 Bxf3+ 44. Rxf3 Qxe5 45. Qxe5+ Rxe5 46. Rh3 Rg5+ 1/2-1/2

[Event "IECG CP.2003.P.00072 email"]
[Site "IECG email"]
[Date "2003.10.01"]
[Round "?"]
[White "Rinkewitz, Frank"]
[Black "Rasstrigin, Aleksandr"]
[Result "1/2-1/2"]
[WhiteElo "2093"]
[BlackElo "1500"]
[PlyCount "48"]
[EventDate "2003.10.01"]
[EventType "tourn (corr)"]
[EventRounds "6"]
[EventCountry "ARG"]
[SourceTitle "Corr 2008"]
[Source "ChessBase"]
[SourceDate "2008.06.24"]
[SourceVersion "1"]
[SourceVersionDate "2008.06.24"]
[SourceQuality "1"]

1. e4 e5 2. Nf3 Nc6 3. Bb5 Nf6 4. 0-0 Bc5 5. c3 0-0 6. d4 Bb6 7. Bg5 h6 8. Bh4 d6 9. Bxc6 bxc6 10. dxe5 dxe5 11. Nbd2 Bg4 12. Qa4 Qd7 13. Bxf6 gxf6 14. Rad1 Kh7 15. Kh1 Rg8 16. Qb3 Rg7 17. Rg1 Rag8 18. Rdf1 Bxf3 19. Nxf3 Qd3 20. Qd1 Qxe4 21. Re1 Qf5 22. Qe2 Kh8 23. Qd2 a5 24. Re2 a4 1/2-1/2